Every UNESCO World Heritage site in the United States on a map - Statistics

General Stats
  • This quiz has been taken 51 times
  • The average score is 16 of 26
Answers on the Map
Answers color-coded by a green-red scale on the quiz's map according to % correct below.
 
Answer Stats
Answer % Correct
Everglades National Park
92%
Yellowstone National Park
89%
Monticello and the University of Virginia in Charlottesville
86%
Statue of Liberty
86%
La Fortaleza and San Juan National Historic Site in Puerto Rico
84%
Grand Canyon National Park
81%
Papahānaumokuākea
81%
San Antonio Missions
81%
Hawaii Volcanoes National Park
78%
Kluane / Wrangell-St. Elias / Glacier Bay / Tatshenshini-Alsek
78%
Yosemite National Park
76%
Independence Hall
70%
Olympic National Park
65%
Redwood National and State Parks
65%
The 20th-Century Architecture of Frank Lloyd Wright
65%
Mammoth Cave National Park
51%
Great Smoky Mountains National Park
49%
Mesa Verde National Park
49%
Waterton Glacier International Peace Park
46%
Cahokia Mounds State Historic Site
41%
Monumental Earthworks of Poverty Point
32%
Carlsbad Caverns National Park
30%
Chaco Culture
30%
Hopewell Ceremonial Earthworks
30%
Moravian Church Settlements
30%
Taos Pueblo
30%
No matching quizzes found
Score Distribution
Percent of People with Each Score
Percentile by Number Answered
Your Score History
You have not taken this quiz